Metrika international journal for theoretical and applied statistics

Guardado en:
Detalles Bibliográficos
Formato: Seriadas
Lenguaje:inglés
Publicado: Wien Physica 1980
Etiquetas: Agregar Etiqueta
Sin Etiquetas, Sea el primero en etiquetar este registro!

MARC

LEADER 00000nas2a2200000 4500
001 s123714
005 20250730114223.5
041 0 |a eng 
044 |a AT 
245 1 0 |a Metrika  |b international journal for theoretical and applied statistics 
264 1 |a Wien  |b Physica  |c 1980 
300 |a 1 zv. 
773 0 |w eu_un_cat*s123318